| 000 | 00599nam a22002177a 4500 | ||
|---|---|---|---|
| 005 | 20201128140738.0 | ||
| 008 | 201128b ||||| |||| 00| 0 eng d | ||
| 020 | _a9789389865264 | ||
| 040 |
_aIN-DiNC _cIN-DiNC |
||
| 041 | _dasm | ||
| 082 |
_a491.451 _bASA |
||
| 245 |
_aAsamiya bhashar shikshan paddhati/ _ced. by Karabi Gogoi and Dipali Gogoi |
||
| 250 | _a1st ed. | ||
| 260 |
_aDibrugarh: _bBanalata, _c2020 |
||
| 300 | _a134p. | ||
| 650 | _aAssamese | ||
| 650 | _aTeaching of Assamese language | ||
| 700 |
_aGogoi, Karabi _eauthor |
||
| 700 |
_aGogoi, Dipali _eauthor |
||
| 942 |
_2ddc _cBK |
||
| 999 |
_c11099 _d11099 |
||